| 000 | 01126cam a2200217 4500 | ||
|---|---|---|---|
| 001 | WB4023-16 | ||
| 008 | 040614n2004 000 0 eng u | ||
| 035 | _a(Sirsi) u126472 | ||
| 245 | _a21 actions to boost organic farming | ||
| 260 | _c2004 | ||
| 490 |
_aEuropean Commission Press Release _v(IP/04/730) 10 June 2004, (2) |
||
| 520 | _aThe EU has adopted the European Action Plan for Organic Food and Farming which aims to facilitate the ongoing development of organic farming. The plan includes a 21 action list which includes improving information about organic farming, streamlining public support via rural development and improving production standards or strengthening research. Organic farming and the demand for organic produce have increased rapidly in recent years. http://www.europa.eu.int/rapid/pressReleasesAction .do?reference=IP/04/730&format=HTML&aged=0&languag e=EN&guiLanguage=en | ||
| 590 | _aWB | ||
| 590 | _aWB | ||
| 650 | _aORGANIC FARMING | ||
| 650 | _aORGANIC PRODUCE | ||
| 650 | _aCONSUMER DEMAND | ||
| 650 | _aEUROPEAN UNION | ||
| 690 | _aRURAL-AGRICULTURE AND FORESTRY | ||
| 942 | _n0 | ||
| 999 |
_c117510 _d117510 |
||